00841nam a2200241Ia 450000500170000000800410001702000150005810000160007324500730008925000190016230000510018165000480023265000460028065000390032665000410036570000300040626400290043633600270046533700330049233800280052504000350055308400110058820220317000711.0160601s2004 sp a g 000 0 spa  a84883425431 aCarle, Eric13aEl camaleón camaleónico cEric Carle ; traducción Esther Rubio a1a. edición  a30 páginas bilustraciones en color c18 cm 142LEMBaÁlbumes infantiles estadounidenses 142LEMBaLiteratura infantil estadounidense 142LEMBaCamaleones en la literatura 142LEMBaZoológicos en la literatura 1 aRubio, Estheretraductor  aMadrid bKókinosc2004 atextobtxt2rdacontent asin mediaciónbn2rdamedia avolumenbnc2rdacarrier aCO-BoRNBPbspaerdacCO-BoRNBP aA CAR5